Southville International School and Colleges
Your cart is empty.
  • Cart
  • Lists
    Public lists Eva Luna New books Lux_list list_1
    Your lists Log in to create your own lists
  • Log in to your account
  • Your cookies
  • Search history
Southville International School and Colleges
  • Advanced search
  • Recent comments
  • Most popular
  • Libraries

Log in to your account

Log in with GOOGLE


If you do not have an external account, but do have a local account, you can still log in:

  1. Home
  2. MARC view: EdPsych :
Normal view MARC view ISBD view

EdPsych : (Record no. 25757)

[ view plain ]
MARC details
000 -LEADER
fixed length control field 00763nam a22002537a 4500
005 - DATE AND TIME OF LATEST TRANSACTION
control field 20140310183638.0
008 - FIXED-LENGTH DATA ELEMENTS--GENERAL INFORMATION
fixed length control field 131212b xxu||||| |||| 00| 0 eng d
020 ## - INTERNATIONAL STANDARD BOOK NUMBER
International Standard Book Number 9780078097867
050 ## - LIBRARY OF CONGRESS CALL NUMBER
Classification number LB 1051
Item number .B46395 2012
100 ## - MAIN ENTRY--PERSONAL NAME
Personal name Boblin, Lisa.
245 ## - TITLE STATEMENT
Title EdPsych :
Remainder of title modules /
Statement of responsibility, etc Lisa Bohlin, Cheryl Cisero Durwin, Marla Reese-Weber.
250 ## - EDITION STATEMENT
Edition statement 3rd ed.
260 ## - PUBLICATION, DISTRIBUTION, ETC. (IMPRINT)
Place of publication, distribution, etc New York :
Name of publisher, distributor, etc McGraw-Hill,
Date of publication, distribution, etc 2012.
300 ## - PHYSICAL DESCRIPTION
Extent 674 p. :
Other physical details col. ill. ;
Dimensions 28 cm.
504 ## - BIBLIOGRAPHY, ETC. NOTE
Bibliography, etc Includes Bibliographic References and Index.
521 ## - TARGET AUDIENCE NOTE
Target audience note
650 ## - SUBJECT ADDED ENTRY--TOPICAL TERM
Topical term or geographic name as entry element Educational psychology.
650 ## - SUBJECT ADDED ENTRY--TOPICAL TERM
Topical term or geographic name as entry element Child development.
650 ## - SUBJECT ADDED ENTRY--TOPICAL TERM
Topical term or geographic name as entry element Learning.
700 ## - ADDED ENTRY--PERSONAL NAME
Personal name Durwin, Cheryl Cisero.
700 ## - ADDED ENTRY--PERSONAL NAME
Personal name Reese-Weber, Marla.
942 ## - ADDED ENTRY ELEMENTS (KOHA)
Source of classification or shelving scheme Library of Congress Classification
Koha item type Books
Call number prefix Foreign
Holdings
Withdrawn status Lost status Source of classification or shelving scheme Damaged status Home library Current library Shelving location Date acquired Total Checkouts Total Renewals Full call number Barcode Date last seen Date checked out Copy number Price effective from Koha item type
    Library of Congress Classification   College Library College Library Reserve Section 12/12/2013 2 5 LB 1051 .B46395 2012 C17202 05/15/2018 01/18/2016 1 12/12/2013 Books

EdPsych :

APA

Boblin L., Durwin C. C. & Reese-Weber M. (2012). EdPsych. New York: McGraw-Hill.

Chicago

Boblin Lisa, Durwin Cheryl Cisero and Reese-Weber Marla. 2012. EdPsych. New York: McGraw-Hill.

Harvard

Boblin L., Durwin C. C. and Reese-Weber M. (2012). EdPsych. New York: McGraw-Hill.

MLA

Boblin Lisa, Durwin Cheryl Cisero and Reese-Weber Marla. EdPsych. New York: McGraw-Hill. 2012.

  • Place hold
  • Print
  • Cite
  • Add to your cart (remove)
  • Save record
    BIBTEX Dublin Core MARCXML MARC (non-Unicode/MARC-8) MARC (Unicode/UTF-8) MARC (Unicode/UTF-8, Standard) MODS (XML) RIS
  • More searches
    Search for this title in:
    Other Libraries (WorldCat) Other Databases (Google Scholar) Online Stores (Bookfinder.com) Open Library (openlibrary.org)

Exporting to Dublin Core...

SOUTHVILLE LIBRARY

Southville International School and Colleges Library

1281 Tropical Ave. Cor. Luxembourg St., BF Homes International, Las Pinas City

Tel. No. 8256374 / 252358 Loc. 117/146

Powered by Koha